Normal view MARC view

Entry Personal Name

Number of records used in: 1

001 - CONTROL NUMBER

  • control field: 840073

003 - CONTROL NUMBER IDENTIFIER

  • control field: OSt

005 - DATE AND TIME OF LATEST TRANSACTION

  • control field: 20250923145910.0

008 - FIXED-LENGTH DATA ELEMENTS

  • fixed length control field: 250923|| aca||aabn | a|a d

040 ## - CATALOGING SOURCE

  • Original cataloging agency: OSt
  • Transcribing agency: OSt

100 ## - HEADING--PERSONAL NAME

  • Personal name: Vishwa, Yuvak

670 ## - SOURCE DATA FOUND

  • Source citation: Work cat.: (OSt)1457092: Vishwa, Yuvak , Report training course on development and Management of youth organisations 7th Nov. 10th Dec. 1984, New Delhi, 1984
Copyright @ Delhi University Library System